An argument for placing factory children within the pale of the law /

Bibliographic Details
Main Author: Condy, George, 1790-1841
Format: eBook
Language:English
Published: London : Longman, Rees, Orme, Brown, Green, and Longman, 1833
Series:Making of the modern world (Goldsmiths'-Kress Library of Economic Literature)
Subjects:
Online Access:Connect to the full text of this electronic book

MARC

Tag First Indicator Second Indicator Subfields
LEADER 00000cam a2200000Ia 4500
001 in00002284549
005 20190326191855.0
006 m | d |
007 cr |n||||||||n
008 880810s1833 enk s 000 0 eng d
040 |a NYG  |c GKR  |d OCL  |d Thomson Gale  |d UtOrBLW 
043 |a e-uk--- 
100 1 |a Condy, George,  |d 1790-1841. 
245 1 3 |a An argument for placing factory children within the pale of the law /  |c by George Condy. 
264 1 |a London :  |b Longman, Rees, Orme, Brown, Green, and Longman,  |c 1833 
264 3 |a Manchester :  |b T. Sowler 
300 |a 60 pages ;  |c 21 cm. 
336 |a text  |b txt  |2 rdacontent 
337 |a computer  |b c  |2 rdamedia 
338 |a online resource  |b cr  |2 rdacarrier 
500 |a Reproduction of original from Goldsmiths' Library, University of London. 
500 |a Goldsmiths'-Kress number 28135. 
510 4 |a OCLC,  |c 18337787 
533 |a Electronic reproduction.  |b Farmington Hills, Mich. :  |c Thomson Gale,  |d 2005.  |f (The making of the modern world).  |n Available via the World Wide Web.  |n Access limited to licensing agreements.  |7 s2005 miunns 
500 |a Electronic resource. 
650 0 |a Child labor  |z Great Britain. 
655 0 |a Electronic books. 
830 0 |a Making of the modern world (Goldsmiths'-Kress Library of Economic Literature) 
856 4 0 |u http://proxy.library.tamu.edu/login?url=http://galenet.galegroup.com/servlet/MOME?af=RN&ae=U109213453&srchtp=a&ste=14&locID=txshracd2898  |z Connect to the full text of this electronic book  |t 0 
999 |a MARS 
999 f f |s 296f0c18-1a88-3514-b180-67c2630b2833  |i 4c5ebe0a-5a65-36a3-8fb5-019c31835a96  |t 0 
952 f f |a Texas A&M University  |b College Station  |c Electronic Resources  |d Available Online  |t 0  |h No information provided 
998 f f |t 0  |l Available Online